Statistics for Classical Music From A-Z #2

Click here to take the quiz!

General Stats

  • This quiz has been taken 571 times
  • The average score is 11 of 26

Answer Stats

HintAnswer% Correct
HEarly keyboard instrument which has strings "plucked" by a plectrum instead of being struck by a hammerharpsichord
80%
CPerhaps Debussy's most well-known composition, written for piano, but transcribed numerous times for other instrumentsClair de Lune
73%
ETerm for a technical study- In Chopin's works Opus 10 and Opus 25 they qualify as masterworks.etude
70%
LItalian term that means to play smoothlylegato
69%
ASharps and/or flats added to a composition that are not in the key signatureaccidentals
63%
IThe art of creating "on the spot" expanding on a musical motifImprovisation
63%
S20th century Russian composer whose orchestral work "Le Sacre du Printemps" shocked audiencesStravinsky
63%
R20th century Russian composer who moved to America after the 1917 revolution and became one of the higest paid concert performers of his timeRachmaninoff
61%
FMusical symbol that indicates to hold a note (or rest) longer than its specific valuefermata
56%
OComposer of Carmina BuranaOrff
55%
PTerm for a 5-note scale which can be produced on the piano by playing only the black keyspentatonic
55%
MTerm indicating moving from one tonal center to another related keymodulation
50%
GA very quick note played immediately before (or at the same time as) the principal note, theoretically receiving no rhythmic valuegrace note
48%
WOne of Handel's best known compositions, a suite for wind instruments, reportedly written for the entertainment of King George I of EnglandWater Music
46%
JNickname of Mozart's last symphonyJupiter
45%
UNickname for Schubert's B minor symphonyUnfinished
44%
VCompositional technique in which a basic melody and/or harmonic structure is changed in a series of creative sectionsVariations
35%
BChopin used this name, taken from prose narratives, for his compositions which included Opus 23 in G minor and Opus 52 in F minor.Ballade
31%
ZFirst name of Hungarian composer Kodaly, a contemporary of BartokZoltan
23%
KOriginal German name of Schumann's "Scenes From Childhood"Kinderszenen
22%
TDodecophony: compositional technique using a tone row rather than a traditional tonal centerTwelve-tone
17%
QPopular opera by TchaikovskyQueen of Spades
13%
XMedieval troubadours' lyrics could often be described this way.x-rated
9%
DSchubert's Fantasia in F minor, D. 940, is one of the finest works of this repertoire.piano duet
8%
NCelebrated 20th century Brazilian concert pianist Guiomar________Novaes
5%
YSuccesful Broadway producer and composer during 1st half of 20th century whose first name was VincentYoumans
5%

Score Distribution

Percentile by Number Answered

Percent of People with Each Score

Your Score History

You have not taken this quiz